Gustav Klimt: Obras Completas
Saved in:
| Hovedforfatter: | |
|---|---|
| Format: | Ukendt |
| Sprog: | engelsk |
| Udgivet: |
Colonia, Alemania.
Taschen,
2017
|
| Fag: | |
| Tags: |
Tilføj Tag
Ingen Tags, Vær først til at tagge denne postø!
|
MARC
| LEADER | 00000 a2200000 4500 | ||
|---|---|---|---|
| 003 | CL-VaPUC | ||
| 005 | 20220718151956.0 | ||
| 008 | 200311b ||||| |||| 00| 0 eng d | ||
| 999 | |c 422695 |d 422693 | ||
| 020 | |a 9783836566629 | ||
| 040 | |c Pontificia Universidad Católica de Valparaíso | ||
| 082 | 0 | 4 | |a 759.06 KLI 2017 |
| 100 | |a Natter, Tobias G. |e author |9 384 | ||
| 245 | 1 | 0 | |a Gustav Klimt: Obras Completas |
| 260 | |a Colonia, Alemania. |b Taschen, |c 2017 | ||
| 300 | |a 603 páginas | ||
| 583 | |c 20200312 | ||
| 650 | 0 | |a Pintura moderna |9 265600 | |
| 650 | 0 | |a Pintores austriacos |2 CL-VaPUC |9 347295 | |
| 942 | |2 ddc |c BK | ||
| 952 | |0 0 |1 0 |3 erd |4 0 |6 759_060000000000000_KLI_2017 |7 0 |8 A |9 494419 |a BIBHIS |b BIBHIS |g 61600.00 |i 5561167 |o 759.06 KLI 2017 |p 5561167 |r 2025-01-20 |w 2019-11-24 |y BK |z Catalogado en:20190914 |k HIS | ||
| 952 | |0 0 |1 0 |2 ddc |4 0 |6 759_060000000000000_KLI_2017 |7 0 |8 R |9 494987 |a BIBART |b BIBART |d 2019-12-11 |e 14 |g 53370.00 |i 5567874 |l 1 |o 759.06 KLI 2017 |p 5567874 |r 2025-03-13 |s 2024-04-17 |v 53370.00 |w 2019-12-11 |y BK_R |k ART | ||
| 952 | |0 0 |1 0 |2 ddc |4 0 |6 759_060000000000000_KLI_2017 |7 0 |8 R |9 561029 |a BIBART |b BIBART |d 2020-03-11 |e 11 |g 61700.00 |i 5574072 |o 759.06 KLI 2017 |p 5574072 |r 2025-03-13 |t 3 |v 61700.00 |w 2020-03-11 |y BK_R |k ART | ||